Spanish Cities - Sudden Death - Statistics

General Stats
  • This quiz has been taken 36,741 times
    36,556 since last reset
  • The average score is 16 of 26
Answers on the Grid
Answers color-coded by a green-red scale on the quiz's grid according to % correct below.
Acapulco
Arrecife
Asyut
Badajoz
Benidorm
Bilbao
Burgos
Caceres
Cadiz
Fraga
Funchal
Granada
Jakarta
Jerez
Kumamoto
L'Hospitalet de Llobregat
Lima
Madrid
Magaluf
Malaga
Manila
Marbella
Montevideo
Moundou
Oviedo
Pamplona
Pavlodar
Porto
Rio de Janeiro
Ryazan
Sacramento
Salamanca
San Marino
San Sebastian
Santa Cruz de Tenerife
Santander
Santiago de Compostela
Seville
Sucre
Taoyuan
Torremolinos
Tripoli
Valletta
Vigo
Zaragoza
 
Answer Stats
Answer % Correct
Madrid
89%
Bilbao
86%
Malaga
81%
Seville
81%
Granada
80%
Cadiz
75%
Zaragoza
72%
Marbella
69%
Pamplona
69%
Santa Cruz de Tenerife
67%
San Sebastian
63%
Santander
62%
Santiago de Compostela
60%
Salamanca
59%
Oviedo
58%
Vigo
53%
Benidorm
52%
Badajoz
50%
Burgos
50%
Jerez
48%
Torremolinos
48%
Arrecife
45%
Caceres
43%
L'Hospitalet de Llobregat
42%
Magaluf
39%
Fraga
27%
No matching quizzes found
Score Distribution
Percent of People with Each Score
Percentile by Number Answered
Your Score History
You have not taken this quiz since the last reset